000 00581nam a22002177a 4500
003 UA-OsUOA
001 35668
007 ta
008 20051212b un ||||| |||| 00| 0 ukr d
090 _a297.1
_bО-86
942 _cBK
040 _aUA-OsUOA
_brus
_cUA-OsUOA
_dUA-OsUOA
245 _aОтпор ислама попыткам его дискредитации
_cЗакзук М. Х.
300 _a150 с.
955 _a0
041 _arus
080 _a297.1
260 _aКаир
_c2000
650 7 _a29 Нехристиянські релігії
_2UDC
999 _c322031
_d322031